| 000 | 00996nam a22003018a 4500 | ||
|---|---|---|---|
| 001 | 014698273 | ||
| 003 | EG-ScBUE | ||
| 005 | 20240313101125.0 | ||
| 008 | 080818r20082006enk f 000 0 eng d | ||
| 020 | _a0141038993 | ||
| 020 | _a9780141038995 | ||
| 040 |
_aEG-ScBUE _beng _erda _cEG-ScBUE _dEG-ScBUE |
||
| 082 | 0 | 4 |
_a940.5318092 _222 _bWIE |
| 100 | 1 |
_aWiesel, Elie, _d1928- _eauthor. _933644 |
|
| 245 | 1 | 0 |
_aNight / _cElie Wiesel ; translated from the French by Marion Wiesel. |
| 264 | 1 |
_aLondon : _bPenguin Books, _c2008. |
|
| 300 |
_axxi, 120 pages ; _c20 cm |
||
| 336 |
_2rdacontent _atext _btxt |
||
| 337 |
_aunmediated _2rdamedia _bn |
||
| 338 |
_avolume _bnc _2rdacarrier |
||
| 500 | _aOriginally published: 2006. | ||
| 546 | _aText in English ; Translated from the original French. | ||
| 650 | 7 |
_aHolocaust, Jewish (1935-1945) _vPersonal narratives. _2BUEsh _933646 |
|
| 653 | _cSeptember2013 | ||
| 655 | _vReading book | ||
| 700 | 1 |
_aWiesel, Marion, _etranslator. |
|
| 942 |
_2ddc _cBB |
||
| 999 |
_c17525 _d17497 |
||